[Event "WYCC U18 Girls 2013"]
[Site "Al-Ain UAE"]
[Date "2013.12.20"]
[Round "3.11"]
[White "Bivol, Alina"]
[Black "Saranya, J"]
[Result "1/2-1/2"]
[WhiteTitle "WIM"]
[BlackTitle "WFM"]
[WhiteElo "2236"]
[BlackElo "2057"]
[WhiteFideId "4100123"]
[BlackFideId "5031931"]
[EventDate "2013.12.18"]

1. e4 c5 2. Nf3 d6 3. d4 cxd4 4. Nxd4 Nf6 5. Nc3 a6 6. Be2 e5 7. Nb3 Be6 8. f4
exf4 9. Bxf4 Nc6 10. Qd3 Qc7 11. O-O-O Ne5 12. Qe3 Be7 13. Nd4 Rc8 14. Nxe6 fxe6
15. Rd2 b5 16. a3 Ng6 17. Bg3 Qc5 18. Qxc5 dxc5 19. Bf3 b4 20. axb4 cxb4 21. Ne2
e5 22. Kb1 Rc4 23. Nc1 h5 24. Nd3 Bd6 25. b3 Rc6 26. h3 Ke7 27. Nb2 a5 28. Rhd1
Bc7 29. Na4 Nf8 30. Nb2 g5 31. Re1 Ng6 32. Nc4 a4 33. Ne3 axb3 34. cxb3 Rc3 35.
Kb2 Ra8 36. Rc2 Rc8 37. Rxc3 bxc3+ 38. Kc2 Nf4 39. Bxf4 gxf4 40. Nc4 h4 41. Kxc3
Bb6 42. b4 Bd4+ 43. Kd3 Ne8 44. Rb1 Nd6 45. Nxd6 Kxd6 1/2-1/2

[Event "WYCC U18 Girls 2013"]
[Site "Al-Ain UAE"]
[Date "2013.12.20"]
[Round "3.12"]
[White "Dragieva, Denitza"]
[Black "Baraeva, Irina"]
[Result "1/2-1/2"]
[WhiteTitle "WFM"]
[BlackTitle "WIM"]
[WhiteElo "2095"]
[BlackElo "2211"]
[WhiteFideId "2907232"]
[BlackFideId "24142565"]
[EventDate "2013.12.18"]

1. d4 d5 2. Nf3 Nf6 3. Bf4 c5 4. e3 Nc6 5. Be2 Bg4 6. O-O e6 7. Nbd2 cxd4 8.
exd4 Bd6 9. Bxd6 Qxd6 10. c3 O-O 11. Ne5 Bxe2 12. Qxe2 Rab8 13. a4 a6 14. Nd3 b5
15. axb5 axb5 16. b4 Nd7 17. f4 Nb6 18. Nc5 Nc4 19. g3 Ra8 20. Nf3 g6 21. Ra2
Rfb8 22. Rfa1 Qd8 23. Nxe6 Rxa2 24. Rxa2 Qe8 25. Nc5 Qxe2 26. Rxe2 Ra8 27. Nd7
Kg7 28. Nde5 N6xe5 29. dxe5 Ra3 30. Rc2 Ra1+ 31. Kf2 Na3 32. Rd2 Nb1 33. Rxd5
Ra2+ 34. Ke3 Nxc3 35. Rd7 Kg8 36. Kd4 Rf2 37. Kxc3 Rxf3+ 38. Kd4 Rf2 39. Kc5
Rxh2 40. Kxb5 Rh3 41. Kc6 Rxg3 42. b5 Rc3+ 43. Kb7 h5 44. b6 h4 45. Rd1 1/2-1/2

[Event "WYCC U18 Girls 2013"]
[Site "Al-Ain UAE"]
[Date "2013.12.20"]
[Round "3.13"]
[White "Gaboyan, Susanna"]
[Black "Severina, Maria"]
[Result "1-0"]
[BlackTitle "WIM"]
[WhiteElo "2050"]
[BlackElo "2203"]
[WhiteFideId "13303627"]
[BlackFideId "4116909"]
[EventDate "2013.12.18"]

1. d4 Nf6 2. Nf3 e6 3. e3 b6 4. Bd3 Bb7 5. c4 Be7 6. O-O c5 7. Nc3 cxd4 8. exd4
d5 9. cxd5 Nxd5 10. Ne5 O-O 11. Qh5 Nf6 12. Qh4 Nbd7 13. Rd1 Ne4 14. Qh3 Ndf6
15. d5 Nxc3 16. bxc3 Bxd5 17. Bg5 h6 18. Bxh6 gxh6 19. Qxh6 Qc7 20. Qg5+ Kh8 21.
Qh4+ Kg7 22. Qg3+ Kh8 23. Ng6+ fxg6 24. Qxc7 Bc5 25. Qg3 Rg8 26. c4 1-0

[Event "WYCC U18 Girls 2013"]
[Site "Al-Ain UAE"]
[Date "2013.12.20"]
[Round "3.14"]
[White "Boshra, Alshaeby"]
[Black "Tomnikova, Lidia"]
[Result "0-1"]
[WhiteTitle "WFM"]
[BlackTitle "WFM"]
[WhiteElo "1933"]
[BlackElo "2167"]
[WhiteFideId "8102937"]
[BlackFideId "4113110"]
[EventDate "2013.12.18"]

1. d4 Nf6 2. c4 e6 3. Nf3 b6 4. a3 Bb7 5. Nc3 c5 6. d5 exd5 7. cxd5 d6 8. e4 g6
9. Be2 Bg7 10. h3 O-O 11. Bf4 Re8 12. Nd2 a6 13. a4 Qe7 14. Qb3 Nbd7 15. O-O
Rab8 16. Rfe1 Ne5 17. Bxe5 Qxe5 18. Nc4 Qe7 19. Nxb6 Nxe4 20. Bd3 Nd2 21. Rxe7
Nxb3 22. Rae1 Be5 23. Rc7 Bh2+ 24. Kxh2 Rxe1 25. Nd7 Re7 26. Nf6+ Kf8 27. Rxe7
Kxe7 28. Nce4 Bc8 0-1

[Event "WYCC U18 Girls 2013"]
[Site "Al-Ain UAE"]
[Date "2013.12.20"]
[Round "3.15"]
[White "Alymbay, Kyzy Aizhan"]
[Black "Michelle Catherina, P"]
[Result "0-1"]
[WhiteElo "1814"]
[BlackElo "2137"]
[WhiteFideId "13800043"]
[BlackFideId "5005736"]
[EventDate "2013.12.18"]

1. e4 e5 2. Nf3 Nc6 3. Nc3 Nf6 4. Bb5 Bd6 5. d3 h6 6. O-O O-O 7. h3 Re8 8. Be3
a6 9. Bc4 Bf8 10. a3 d6 11. Bb3 Be6 12. Nd5 Bxd5 13. exd5 Ne7 14. c4 c6 15. dxc6
Nxc6 16. Rc1 d5 17. Ba2 Qd7 18. Re1 Rac8 19. Bd2 dxc4 20. dxc4 e4 21. Nh2 Rcd8
22. Nf1 Ne5 23. Ba5 Nf3+ 24. Kh1 Nxe1 25. Qxe1 Rc8 26. Ne3 Qc6 27. Bc3 Nd7 28.
b4 Ne5 29. Qe2 Nd3 30. Rc2 a5 31. c5 Qg6 32. Ng4 axb4 33. axb4 b6 34. cxb6 Qxb6
35. Ne3 Nxb4 0-1

[Event "WYCC U18 Girls 2013"]
[Site "Al-Ain UAE"]
[Date "2013.12.20"]
[Round "3.16"]
[White "Klek, Hanna-Marie"]
[Black "Soyunlu, Narmin"]
[Result "1-0"]
[WhiteElo "2297"]
[BlackElo "1908"]
[WhiteFideId "24670057"]
[BlackFideId "13400843"]
[EventDate "2013.12.18"]

1. e4 e6 2. d4 d5 3. Nc3 Nf6 4. Bg5 Be7 5. e5 Nfd7 6. h4 h6 7. Bf4 c5 8. Qg4 Kf8
9. Nf3 Qb6 10. O-O-O cxd4 11. Nb5 Nc6 12. Nbxd4 Bc5 13. Nb3 Bxf2 14. Kb1 Qb4 15.
g3 a5 16. a3 Qa4 17. Qh5 b5 18. Ng5 Ndxe5 19. Nh3 Bd4 20. Rxd4 Nxd4 21. Qxe5
Nxb3 22. cxb3 Qxb3 23. Be2 Bd7 24. Rc1 Rc8 25. Rxc8+ Bxc8 26. Qc7 1-0

[Event "WYCC U18 Girls 2013"]
[Site "Al-Ain UAE"]
[Date "2013.12.20"]
[Round "3.17"]
[White "Leks, Maria"]
[Black "Machlik, Edit"]
[Result "1-0"]
[WhiteTitle "WCM"]
[WhiteElo "2076"]
[BlackElo "1855"]
[WhiteFideId "1134957"]
[BlackFideId "1513591"]
[EventDate "2013.12.18"]

1. e4 c5 2. Nf3 a6 3. c4 Nc6 4. Nc3 e5 5. Bd3 Rb8 6. O-O g6 7. a3 Bg7 8. Rb1 Qa5
9. Nd5 Bf8 10. b3 b5 11. Bb2 Bg7 12. b4 cxb4 13. axb4 Qd8 14. cxb5 axb5 15. Qe2
Nge7 16. Bxb5 O-O 17. Nxe7+ Qxe7 18. Bxc6 dxc6 19. Bc3 Rb5 20. Ra1 Be6 21. Ra6
Qc7 22. Rfa1 Rfb8 23. Ra7 R8b7 24. Rxb7 Rxb7 25. Ra8+ Rb8 26. Qa6 Bc8 27. Rxb8
Qxb8 28. Qxc6 Bb7 29. Qc4 Qd6 30. d3 Ba6 31. b5 Bc8 32. Nxe5 Be6 33. Qd4 1-0

[Event "WYCC U18 Girls 2013"]
[Site "Al-Ain UAE"]
[Date "2013.12.20"]
[Round "3.18"]
[White "Korbovljanovic, Natasa"]
[Black "Atabayeva, Gozel"]
[Result "0-1"]
[BlackTitle "WFM"]
[WhiteElo "1854"]
[BlackElo "2069"]
[WhiteFideId "900486"]
[BlackFideId "14001896"]
[EventDate "2013.12.18"]

1. e4 c5 2. d4 cxd4 3. Nf3 d6 4. c3 dxc3 5. Nxc3 Nf6 6. Bc4 e6 7. O-O Be7 8. Qe2
a6 9. a4 O-O 10. Rd1 Qc7 11. Bf4 Nc6 12. Rac1 Nh5 13. Be3 Nf6 14. Bf4 Rd8 15.
Ba2 Qa5 16. Rd2 Ng4 17. Ng5 Bxg5 18. Qxg4 Be7 19. Qg3 Ne5 20. Rcd1 Re8 21. Rd4
Qc7 22. Ne2 b5 23. Nc3 bxa4 24. Bxe5 dxe5 25. Rc4 Qb8 26. Nxa4 a5 27. Qc3 Bb4
28. Qc2 Ba6 29. Rc6 Bb5 0-1

[Event "WYCC U18 Girls 2013"]
[Site "Al-Ain UAE"]
[Date "2013.12.20"]
[Round "3.19"]
[White "Utiatskaja, Irina"]
[Black "Ruiz Olate, Emily Andrea"]
[Result "1-0"]
[WhiteElo "2069"]
[BlackElo "1851"]
[WhiteFideId "24140848"]
[BlackFideId "3413535"]
[EventDate "2013.12.18"]

1. e4 e5 2. Nf3 Nc6 3. Bb5 a6 4. Ba4 Nf6 5. O-O Be7 6. Re1 b5 7. Bb3 d6 8. c3
O-O 9. h3 Na5 10. Bc2 c5 11. d4 Qc7 12. d5 Re8 13. b3 Bd7 14. Nbd2 Bf8 15. Nf1
g6 16. Bg5 Bg7 17. Qd2 Rab8 18. Bh6 b4 19. Bxg7 Kxg7 20. Bd3 Bb5 21. Rac1 bxc3
22. Qxc3 Bxd3 23. Qxd3 Rb4 24. N1d2 Ra8 25. a3 Rb5 26. b4 Nb7 27. Nb3 Nh5 28.
Qc4 Qd7 29. bxc5 Nxc5 30. Nxe5 Qe8 31. Nxc5 Qxe5 32. Nd3 Qg5 33. Qc3+ Kg8 34.
Qc6 Rd8 35. Qxa6 Rb3 36. Rc8 Rxc8 37. Qxc8+ Kg7 38. Qc2 Rb7 39. Qc3+ Qf6 40. Qc4
Nf4 41. Nxf4 Qxf4 42. Qc3+ Qf6 43. Qxf6+ Kxf6 44. Ra1 Ke5 45. f3 h5 46. a4 g5
47. a5 g4 48. a6 Ra7 49. hxg4 hxg4 50. Kf2 gxf3 51. gxf3 Kf4 52. Ra4 f5 53.
exf5+ Kxf5 54. Ke3 Ke5 55. Ra5 Kf5 56. Kd4 1-0

[Event "WYCC U18 Girls 2013"]
[Site "Al-Ain UAE"]
[Date "2013.12.20"]
[Round "3.20"]
[White "Tran, My Linh"]
[Black "Ruhlmann, Helene"]
[Result "1-0"]
[WhiteElo "2061"]
[BlackElo "1830"]
[WhiteFideId "24682462"]
[BlackFideId "20643209"]
[EventDate "2013.12.18"]

1. e4 d5 2. exd5 Nf6 3. Nf3 Bg4 4. d4 Qxd5 5. Be2 Nc6 6. c4 Qh5 7. d5 Bxf3 8.
Bxf3 Qe5+ 9. Qe2 Qxe2+ 10. Bxe2 Nd4 11. Bd3 e5 12. dxe6 Nxe6 13. O-O O-O-O 14.
Bf5 Kb8 15. Bxe6 fxe6 16. Nc3 Rd4 17. Rd1 Bc5 18. Rxd4 Bxd4 19. Nb5 e5 20. Nxd4
exd4 21. Bf4 Re8 22. Kf1 Re4 23. Bg3 Nh5 24. c5 Nxg3+ 25. hxg3 Re5 26. Re1 Rxe1+
27. Kxe1 c6 28. Kd2 b6 29. b4 a5 30. a3 bxc5 31. bxc5 Kb7 32. Kd3 Kc7 33. Kxd4
Kd7 34. Ke5 Ke7 35. g4 h6 36. f4 Kd7 37. a4 Ke7 38. f5 Kd7 39. f6 g6 40. f7 1-0

[Event "WYCC U18 Girls 2013"]
[Site "Al-Ain UAE"]
[Date "2013.12.20"]
[Round "3.21"]
[White "Regam, Jessica"]
[Black "Tarmastin, Laura"]
[Result "1-0"]
[WhiteTitle "WFM"]
[WhiteElo "2019"]
[BlackElo "1791"]
[WhiteFideId "2033496"]
[BlackFideId "1623001"]
[EventDate "2013.12.18"]

1. e4 e5 2. Nf3 Nc6 3. Bb5 a6 4. Ba4 Nf6 5. O-O Be7 6. Re1 d6 7. c3 b5 8. Bc2
O-O 9. h3 Re8 10. d4 Bd7 11. Nbd2 Bf8 12. Nf1 Na5 13. b3 h6 14. Bd2 c5 15. d5
Qc7 16. Ne3 g6 17. Nh2 h5 18. c4 Reb8 19. Bc3 Bg7 20. Rf1 Re8 21. Qd2 b4 22. Bb2
Nb7 23. Bd3 Nh7 24. f4 a5 25. fxe5 Bxe5 26. Bxe5 Rxe5 27. Qf2 Rf8 28. Nf3 Ree8
29. Qg3 Kh8 30. Rae1 Bc8 31. Nd1 Re7 32. e5 dxe5 33. Nxe5 Rg8 34. Qf4 Kg7 35.
Re3 Nd6 36. g4 g5 37. Qh2 h4 38. Qb2 f6 39. Nc6 Rxe3 40. Nxe3 Ne8 41. Qh2 Qxh2+
42. Kxh2 Bd7 43. Nxa5 Bc8 44. Nc6 Rf8 45. Nc2 Nd6 46. Re1 Rf7 47. Re7 Nf8 48.
Rxf7+ Kxf7 49. a3 bxa3 50. Nxa3 Nd7 51. Nd8+ Ke7 52. Ne6 Ba6 53. Nb1 Bc8 54. Nc3
Nf7 55. Na2 Ba6 56. Kg2 Kd6 57. Kf3 Ke7 58. Ke3 1-0

[Event "WYCC U18 Girls 2013"]
[Site "Al-Ain UAE"]
[Date "2013.12.20"]
[Round "3.22"]
[White "Durmaz, Ayca Fatma"]
[Black "Guo, Emma"]
[Result "0-1"]
[WhiteTitle "WCM"]
[BlackTitle "WIM"]
[WhiteElo "1799"]
[BlackElo "2011"]
[WhiteFideId "6317855"]
[BlackFideId "3200795"]
[EventDate "2013.12.18"]

1. c4 g6 2. Nc3 c5 3. g3 Bg7 4. Nf3 Nc6 5. Bg2 Nh6 6. O-O O-O 7. d3 Nf5 8. a3 b6
9. Rb1 Bb7 10. Bd2 a5 11. Nb5 Rb8 12. Bf4 d6 13. Ng5 Nfd4 14. Nxd4 Nxd4 15. Ne4
e5 16. Bd2 f5 17. Nc3 f4 18. Nd5 Kh8 19. Bc3 Qg5 20. Bxd4 exd4 21. gxf4 Rxf4 22.
Nxf4 Be5 23. e4 Qxf4 24. Re1 Rf8 25. Re2 Qxh2+ 26. Kf1 Bc8 27. f3 Bg3 28. b4 Bh3
29. Rc2 Qh1+ 0-1

[Event "WYCC U18 Girls 2013"]
[Site "Al-Ain UAE"]
[Date "2013.12.20"]
[Round "3.23"]
[White "Kopnicka, Henrieta"]
[Black "Kakhramonova, Mokhinur"]
[Result "1/2-1/2"]
[WhiteElo "1776"]
[BlackElo "2004"]
[WhiteFideId "14923564"]
[BlackFideId "14201771"]
[EventDate "2013.12.18"]

1. c4 e6 2. Nc3 d5 3. e3 Nf6 4. d4 c6 5. cxd5 exd5 6. Bd3 Bd6 7. Qc2 O-O 8. Nge2
h6 9. Bd2 Qe7 10. a3 Bd7 11. Na4 b6 12. b4 Rc8 13. Rc1 Qe8 14. Nec3 b5 15. Nc5
Bxc5 16. dxc5 d4 17. Ne2 dxe3 18. Bxe3 Nd5 19. Bd2 Na6 20. O-O Nac7 21. Rfe1 Be6
22. Ng3 Qd7 23. Ne4 Rf8 24. Nd6 Ne8 25. Nxe8 Raxe8 26. Kh1 Rd8 27. Rcd1 Rfe8 28.
Bc3 Bg4 29. f3 Rxe1+ 30. Bxe1 Be6 31. Bf2 Kh8 32. g3 Nf6 33. Be2 Bd5 34. Kg1 Re8
35. Bf1 Qc7 36. Bg2 a5 37. Bd4 Nh7 38. Qc3 f6 39. Re1 Ra8 40. Ra1 a4 41. Re1 Qd7
42. Qe3 Ng5 43. h4 Nf7 44. Kh2 Kg8 45. Bh3 Qc7 46. Bf5 Kf8 47. Bg6 Qd7 48. Bc3
Re8 49. Qxe8+ Qxe8 50. Rxe8+ Kxe8 51. Kg2 Ke7 52. Kf2 Nd8 53. Ke3 Ne6 54. g4 Nf8
55. Bd3 g5 56. Be1 Ne6 57. hxg5 hxg5 58. Bg3 Ng7 59. f4 gxf4+ 60. Bxf4 Ne6 61.
Bg6 Nd8 62. g5 Nf7 63. gxf6+ Kxf6 64. Bd3 Ne5 65. Bxe5+ Kxe5 66. Bh7 Bg2 1/2-1/2

[Event "WYCC U18 Girls 2013"]
[Site "Al-Ain UAE"]
[Date "2013.12.20"]
[Round "3.25"]
[White "Serbanescu, Diana-Maria"]
[Black "Tuzi, Bruna"]
[Result "1-0"]
[BlackTitle "WCM"]
[WhiteElo "1989"]
[BlackElo "1754"]
[WhiteFideId "1200550"]
[BlackFideId "4701100"]
[EventDate "2013.12.18"]

1. e4 c5 2. c3 d5 3. exd5 Qxd5 4. d4 Nf6 5. Nf3 e6 6. a3 Nc6 7. Be3 cxd4 8. cxd4
Be7 9. Nc3 Qd6 10. Bd3 O-O 11. Qe2 Rd8 12. Rd1 Nd5 13. Nxd5 Qxd5 14. O-O Bf6 15.
Qc2 Qh5 16. Be2 Qa5 17. h4 Ne7 18. Ng5 g6 19. Bg4 Nd5 20. Bc1 Qc7 21. Qe4 Bg7
22. Bf3 Bd7 23. h5 Bc6 24. Qh4 h6 25. hxg6 hxg5 26. Bxg5 f6 27. Bxd5 Bxd5 28.
Qh7+ Kf8 29. Bh6 e5 30. dxe5 fxe5 31. Rxd5 Rxd5 32. Qh8+ Ke7 33. Qxg7+ Kd6 34.
Qf6+ Kd7 35. Qf7+ Kd6 36. Bf8+ Rxf8 37. Qxf8+ Qe7 38. g7 1-0

[Event "WYCC U18 Girls 2013"]
[Site "Al-Ain UAE"]
[Date "2013.12.20"]
[Round "3.26"]
[White "Matisone, Dana"]
[Black "Bengtsson, Jessica"]
[Result "0-1"]
[WhiteElo "1744"]
[BlackElo "1970"]
[WhiteFideId "11603526"]
[BlackFideId "1711083"]
[EventDate "2013.12.18"]

1. e4 c5 2. c3 Nf6 3. e5 Nd5 4. d4 cxd4 5. cxd4 e6 6. Nc3 Nxc3 7. bxc3 Qc7 8.
Qd3 d6 9. f4 b6 10. Qe3 Be7 11. Nf3 Ba6 12. Bxa6 Nxa6 13. O-O d5 14. Nd2 g6 15.
Qd3 Nb8 16. Bb2 Nc6 17. a4 Na5 18. Qb5+ Qd7 19. Ba3 Bxa3 20. Rxa3 Rc8 21. Rf3
Rc7 22. Rd3 O-O 23. Kf2 Qe7 24. Ra1 Qh4+ 25. Kf3 g5 26. g3 Qh5+ 27. Kf2 Qxh2+
28. Kf3 g4+ 29. Kxg4 Qe2+ 30. Kh3 Nb3 0-1

[Event "WYCC U18 Girls 2013"]
[Site "Al-Ain UAE"]
[Date "2013.12.20"]
[Round "3.27"]
[White "Chiarion, Elisa"]
[Black "Abdelmenaem, Sohayla"]
[Result "1-0"]
[BlackTitle "WFM"]
[WhiteElo "1957"]
[BlackElo "1734"]
[WhiteFideId "828653"]
[BlackFideId "10610529"]
[EventDate "2013.12.18"]

1. e4 c5 2. Nf3 d6 3. d4 cxd4 4. Nxd4 Nf6 5. Nc3 Nc6 6. Be2 Bd7 7. Nb3 a6 8. O-O
b5 9. a3 g6 10. Re1 Bg7 11. Bf1 O-O 12. Nd5 Ng4 13. c3 Nce5 14. h3 e6 15. Nf4
Nf6 16. Qxd6 Ne8 17. Qd1 Qc7 18. Be3 Bc6 19. Bc5 Rd8 20. Nd4 Nd6 21. Nfxe6 fxe6
22. Nxe6 Qb8 23. Nxd8 Rxd8 24. Qc2 Ndc4 25. Rad1 Rxd1 26. Rxd1 h6 27. f3 Kh7 28.
Qf2 Qb7 29. g3 Qf7 30. Bg2 Nd7 31. Bd4 Qe6 32. f4 Nd6 33. Bxg7 Kxg7 34. Qd4+ 1-0

[Event "WYCC U18 Girls 2013"]
[Site "Al-Ain UAE"]
[Date "2013.12.20"]
[Round "3.28"]
[White "Jayamurthey, Pavitranayagi"]
[Black "Nguyen, Thi Thuy Trien"]
[Result "1/2-1/2"]
[BlackTitle "WFM"]
[WhiteElo "1694"]
[BlackElo "1945"]
[WhiteFideId "5708885"]
[BlackFideId "12404179"]
[EventDate "2013.12.18"]

1. e4 d5 2. exd5 Qxd5 3. Nc3 Qa5 4. Bc4 Nf6 5. d3 c6 6. Bd2 Qc7 7. Nf3 Bg4 8.
Qe2 e6 9. h3 Bh5 10. Ne4 Nbd7 11. Ng3 Bxf3 12. gxf3 Qe5 13. Bc3 Qf4 14. a3 Bd6
15. Ne4 Be5 16. Bd2 Qh4 17. O-O-O Nh5 18. Kb1 Nf4 19. Bxf4 Bxf4 20. Rdg1 g5 21.
Rg4 Qh5 22. Bxe6 fxe6 23. Nf6+ Nxf6 24. Qxe6+ Kd8 25. Qxf6+ Kc7 26. Qg7+ Kd6 27.
Qf6+ Kc7 28. Qg7+ Kb6 29. Qd4+ c5 30. Qf6+ Kc7 31. Qg7+ 1/2-1/2

[Event "WYCC U18 Girls 2013"]
[Site "Al-Ain UAE"]
[Date "2013.12.20"]
[Round "3.29"]
[White "Van Niekerk, Robyn Julian"]
[Black "Leonardi, Caterina"]
[Result "0-1"]
[WhiteElo "1459"]
[BlackElo "1939"]
[WhiteFideId "14305020"]
[BlackFideId "14601036"]
[EventDate "2013.12.18"]

1. d4 d5 2. Nf3 Nf6 3. c4 c6 4. e3 e6 5. Qc2 Be7 6. Nc3 a6 7. c5 O-O 8. Bd3 Nbd7
9. b4 b6 10. O-O a5 11. Ba3 axb4 12. Bxb4 bxc5 13. dxc5 Bxc5 14. Bxc5 Nxc5 15.
Rfd1 Nxd3 16. Rxd3 c5 17. Rd2 Qa5 18. Rb1 Bd7 19. Ne5 Rfc8 20. Nxd7 Nxd7 21. Qc1
Nf6 22. Rb5 Qa3 23. Rdb2 d4 24. Nb1 Qd3 25. R2b3 Qf5 26. exd4 cxd4 27. Qd1 Qc2
28. Qxc2 Rxc2 29. Rb8+ Rc8 30. Rxa8 Rxa8 31. Nd2 h6 32. a3 Nd7 33. g3 Kf8 34.
Kf1 Ke7 35. f4 g5 36. fxg5 hxg5 37. Nf3 e5 38. Nxg5 f5 39. Nf3 Kd6 40. Nh4 Ke6
41. Ke2 e4 42. Rb5 Rxa3 43. Nxf5 Ra2+ 44. Ke1 d3 45. h4 e3 46. Nd4+ Kf6 47. Rb1
Rh2 48. Kf1 Rh1+ 0-1

[Event "WYCC U18 Girls 2013"]
[Site "Al-Ain UAE"]
[Date "2013.12.20"]
[Round "3.30"]
[White "Ballantyne, Rochelle"]
[Black "Yousfi, Yasmine"]
[Result "1-0"]
[WhiteElo "1934"]
[BlackElo "1649"]
[WhiteFideId "2058235"]
[BlackFideId "7904134"]
[EventDate "2013.12.18"]

1. e4 c6 2. d4 d5 3. exd5 cxd5 4. c4 Nf6 5. Nc3 Nc6 6. Nf3 Bg4 7. Be3 e6 8. h3
Bxf3 9. Qxf3 Bb4 10. Be2 Ne4 11. Rc1 Qa5 12. O-O Nxc3 13. bxc3 Bxc3 14. Rfd1 O-O
15. Qg3 Ne7 16. Bg5 Bb4 17. c5 Nf5 18. Qb3 h6 19. Bf4 g5 20. g4 Nxd4 21. Rxd4
gxf4 22. Rxb4 e5 23. Rxb7 Qd2 24. Qb2 Qxb2 25. Rxb2 f5 26. c6 a5 27. gxf5 e4 28.
c7 d4 29. Ba6 d3 30. c8=Q Raxc8 31. Rxc8 Rxc8 32. Bxc8 e3 33. fxe3 fxe3 34. Kf1 1-0

[Event "WYCC U18 Girls 2013"]
[Site "Al-Ain UAE"]
[Date "2013.12.20"]
[Round "3.32"]
[White "Roy, Ali"]
[Black "El, Kader Maria"]
[Result "1-0"]
[WhiteElo "1891"]
[BlackElo "1619"]
[WhiteFideId "2400456"]
[BlackFideId "14137380"]
[EventDate "2013.12.18"]

1. e4 g6 2. d4 Bg7 3. Nf3 d6 4. c3 Nc6 5. Bd3 Nf6 6. O-O Bg4 7. Nbd2 O-O 8. h3
Bxf3 9. Nxf3 e5 10. Re1 Qd7 11. Qc2 Rad8 12. Be3 exd4 13. Nxd4 d5 14. Nxc6 Qxc6
15. exd5 Rxd5 16. Rad1 Rfd8 17. c4 R5d7 18. b4 Qd6 19. c5 Qf8 20. c6 bxc6 21.
Bc5 Rd6 22. Bxd6 Rxd6 23. Qb3 Rd8 24. Bc4 Rb8 25. Rd3 Rxb4 26. Bxf7+ Kh8 27. Qe6
Rb8 28. Qe7 Qc8 29. Red1 Nd5 30. Bxd5 cxd5 31. Rxd5 Qf8 32. Rd8 1-0

[Event "WYCC U18 Girls 2013"]
[Site "Al-Ain UAE"]
[Date "2013.12.20"]
[Round "3.34"]
[White "Anjana Krishna, S"]
[Black "Kulatunga, Dinithi"]
[Result "1-0"]
[WhiteElo "1877"]
[BlackElo "1503"]
[WhiteFideId "5046424"]
[BlackFideId "9913440"]
[EventDate "2013.12.18"]

1. e4 e5 2. Nf3 Nc6 3. Bb5 a6 4. Ba4 b5 5. Bb3 Nf6 6. d3 Bc5 7. O-O d6 8. c3 O-O
9. h3 h6 10. Re1 Bb7 11. Nbd2 Rb8 12. Nf1 Qd7 13. Be3 Bb6 14. Bxb6 cxb6 15. Ne3
Ne7 16. Nh4 Rfe8 17. Nhf5 Nxf5 18. Nxf5 Red8 19. Qf3 Kh7 20. d4 a5 21. Rad1 Qe8
22. dxe5 dxe5 23. Nd6 Qe7 24. Nxb5 Rxd1 25. Qxd1 Bxe4 26. Qd6 Rb7 27. f3 Bg6 28.
Rxe5 Qxd6 29. Nxd6 Rd7 30. Nc4 Rb7 31. Rb5 Re7 32. Nxb6 Rb7 33. c4 Bd3 34. a4
Ra7 35. Re5 Rb7 36. c5 Nd7 37. Nxd7 Rxd7 38. c6 Rc7 39. Rc5 Kg6 40. Bd5 Ba6 41.
Rxa5 Bc8 42. b4 f5 43. Rc5 Kf6 44. b5 Be6 45. b6 Rc8 46. b7 Re8 47. Bxe6 Kxe6
48. c7 1-0

[Event "WYCC U18 Girls 2013"]
[Site "Al-Ain UAE"]
[Date "2013.12.20"]
[Round "3.39"]
[White "Xiao, Alice Huanyi"]
[Black "Senarath, Kavindi"]
[Result "1-0"]
[WhiteElo "1874"]
[BlackElo "1617"]
[WhiteFideId "2612550"]
[BlackFideId "9904344"]
[EventDate "2013.12.18"]

1. e4 e6 2. d4 d5 3. Nd2 c5 4. exd5 exd5 5. Ngf3 Bg4 6. h3 Bh5 7. Bb5+ Nc6 8.
dxc5 Bxc5 9. O-O Ne7 10. Nb3 Bb6 11. Re1 O-O 12. Be3 Bxe3 13. Rxe3 Rc8 14. c3
Qd6 15. Be2 Rfd8 16. Nfd4 Bg6 17. Bg4 f5 18. Bf3 Bf7 19. Qe1 Re8 20. Rd1 Rcd8
21. Ne6 Bxe6 22. Rxe6 Qb8 23. Bh5 g6 24. Bf3 Kf7 25. Qe3 f4 26. Qe2 Qc8 27. Re1
Nf5 28. Bxd5 Kf8 29. Qf3 Qc7 30. Bxc6 bxc6 31. Nc5 Kf7 32. Qe4 Qc8 33. Qxf4 Rxe6
34. Nxe6 Qxe6 35. Rxe6 Kxe6 36. Qc7 Rd7 37. Qxc6+ Ke7 38. Qc5+ Kf7 39. Qc4+ Kg7
40. Qe2 1-0

[Event "WYCC U18 Girls 2013"]
[Site "Al-Ain UAE"]
[Date "2013.12.20"]
[Round "3.40"]
[White "Nouman, Amna"]
[Black "Dewanthi, A H Chamika"]
[Result "1-0"]
[WhiteTitle "WFM"]
[WhiteElo "1833"]
[BlackElo "1584"]
[WhiteFideId "9301500"]
[BlackFideId "9906304"]
[EventDate "2013.12.18"]

1. e4 e5 2. Nf3 Nc6 3. Bb5 a6 4. Ba4 Bc5 5. O-O d6 6. c3 b5 7. Bb3 Bg4 8. d3 Nf6
9. h3 Bh5 10. Nbd2 O-O 11. Re1 Re8 12. Nf1 h6 13. Be3 Bb6 14. Bxb6 cxb6 15. g4
Bg6 16. Ne3 Qd7 17. Nh4 Bh7 18. Qf3 Na5 19. Bc2 Qb7 20. Nhf5 Rad8 21. Nxh6+ Kf8
22. b4 Nc6 23. Bb3 Rd7 24. Nhf5 a5 25. g5 Ng8 26. Nh4 g6 27. Nd5 axb4 28. Nf6
Nxf6 29. Qxf6 Kg8 30. Nxg6 Bxg6 31. Qxg6+ Kf8 32. Qh6+ Ke7 33. Qf6+ Kf8 34. g6
Kg8 35. g7 d5 36. Qh6 f6 37. Bxd5+ Rxd5 38. exd5 Qxg7+ 39. Qxg7+ Kxg7 40. dxc6
bxc3 41. Rec1 b4 42. a3 Rc8 43. axb4 1-0

[Event "WYCC U18 Girls 2013"]
[Site "Al-Ain UAE"]
[Date "2013.12.20"]
[Round "3.41"]
[White "Comas Colon, Rinelly M."]
[Black "Amra, Tasnim"]
[Result "1/2-1/2"]
[WhiteTitle "WFM"]
[BlackTitle "WFM"]
[WhiteElo "1790"]
[BlackElo "1570"]
[WhiteFideId "3101576"]
[BlackFideId "14300222"]
[EventDate "2013.12.18"]

1. c4 e5 2. g3 Nc6 3. Bg2 g6 4. Nc3 Bg7 5. d3 d6 6. Nf3 Nge7 7. Rb1 O-O 8. O-O
Be6 9. e4 f5 10. b3 h6 11. Nd5 Qd7 12. Re1 Rf7 13. Bd2 Raf8 14. Nxe7+ Nxe7 15.
Be3 fxe4 16. Nd2 exd3 17. Ne4 Nf5 18. Qxd3 Nxe3 19. Rxe3 b6 20. Rf1 a5 21. Nd2
Bf5 22. Qd5 Kh8 23. Nf3 g5 24. Nd2 Bg6 25. Ne4 Bf5 26. a3 Be6 27. Qd3 Rd8 28.
Nc3 Bf5 29. Qd5 Rdf8 30. Ne4 Bh3 31. Nd2 Bxg2 32. Qxg2 Qf5 33. Ne4 g4 34. b4 a4
35. Rd3 Qe6 36. Nd2 h5 37. Qd5 Qf5 38. Qe4 Qe6 39. Qd5 Qxd5 40. Rxd5 Bh6 41. Ne4
Rf3 42. Ra1 Rb3 43. c5 bxc5 44. bxc5 Rb5 45. Kg2 Kg7 46. Rad1 1/2-1/2